| 000 | 00803nam a2200253 i 4500 | ||
|---|---|---|---|
| 001 | bg | ||
| 245 | 0 | 0 |
_aEncyklopedia "białych plam". _nT.1, _pAbakanowicz Piotr - Armia Ludowa / _c[red. Marzena Korytkowska et al. ; aut. haseł Czesław Stanisław Bartnik et al.]. |
| 260 |
_aRadom : _bPolskie Wydawnictwo Encyklopedyczne, _c2000. |
||
| 300 |
_a320 s. ; _c24 cm. |
||
| 504 | _aBibliogr. przy hasłach. | ||
| 650 | 4 | _aEncyklopedia polska | |
| 700 | 1 |
_aKorytkowska, Marzena. _eRed. |
|
| 700 | 1 |
_aBartnik, Czesław Stanisław _d(1929- ). |
|
| 020 | _a8391206815 (t. 1) | ||
| 020 | _a8391206807 | ||
| 040 | _cBPK | ||
| 041 | 0 | _apol | |
| 080 | _a0/9 | ||
| 080 | _a(03) | ||
| 920 | _a83-912068-1-5 (t. 1) | ||
| 920 | _a83-912068-0-7 | ||
| 942 | _cKS | ||
| 008 | s pl f |000 0 pol | ||
| 999 |
_c37129 _d37129 |
||
| 856 |
_uhttp://koha.tu.koszalin.pl/cgi-bin/koha/opac-detail.pl?biblionumber=37129 _yKatalog online BPK |
||